Normal view
MARC view
- Zafar Ahmad Malik
Entry Personal Name
001 - CONTROL NUMBER
- control field: 48389
003 - CONTROL NUMBER IDENTIFIER
- control field: NUST
005 - DATE AND TIME OF LATEST TRANSACTION
- control field: 20210314134038.0
008 - FIXED-LENGTH DATA ELEMENTS
- fixed length control field: 210314|| aca||aabn | a|a d
040 ## - CATALOGING SOURCE
- Original cataloging agency: NUST
- Transcribing agency: NUST
100 ## - HEADING--PERSONAL NAME
- Personal name: Zafar Ahmad Malik
670 ## - SOURCE DATA FOUND
- Source citation: Work cat.: (NUST): Muhammad Tahir Saleem 48388, A laboratory study to see the performance of AC mix design using fly ash and rice husk as filler instead of stone dust
